El nuevo orden internacional y el desarrollo local
Salvato in:
| Autore principale: | |
|---|---|
| Natura: | Libro |
| Lingua: | spagnolo |
| Pubblicazione: |
Santiago
JUNDEP
1991
|
| Soggetti: | |
| Tags: |
Aggiungi Tag
Nessun Tag, puoi essere il primo ad aggiungerne!!
|
MARC
| LEADER | 00000nam a2200000 a 4500 | ||
|---|---|---|---|
| 001 | UCY7847 | ||
| 003 | CL-VaPUC | ||
| 008 | 950622e19910000CL |||||||||||||||||spa|d | ||
| 082 | 0 | 4 | |a 327.1 |b SAN |2 21 |
| 100 | 0 | |a Santibañez Ibarra, Miguel |e author |9 338693 | |
| 245 | 1 | 3 | |a El nuevo orden internacional y el desarrollo local |
| 300 | |a 22 p | ||
| 942 | |c BK | ||
| 945 | |d 19950622 00:00:00 |a rbrito | ||
| 260 | |a Santiago |b JUNDEP |c 1991 | ||
| 650 | 7 | |a SISTEMAS ECONOMICOS INTERNACIONALES |2 CL-VaPUC |9 338633 | |
| 650 | 7 | |a COMERCIO INTERNACIONAL |2 CL-VaPUC |9 338694 | |
| 650 | 0 | |a Cooperación internacional |9 255447 | |
| 583 | |a last modification |c 19950622 00:00:00 |k Rodrigo Vera | ||
| 999 | |c 235148 |d 235146 | ||
| 952 | |0 0 |1 0 |4 0 |6 327_100000000000000_SAN_1991 |7 0 |8 A |9 242360 |a BIBGIM |b BIBGIM |d 2019-11-18 |i 3095347 |o 327.1 SAN 1991 |p 3095347 |r 2025-01-15 |w 2019-11-18 |y BK |k SSL | ||